Teuerste Zugänge von FC Barcelona - Statistiken

Allgemein
  • Dieses Quiz wurde 210 mal gespielt
  • Das Durchschnittsergebnis liegt bei 8 aus 15
Antwortstatistiken
Hint Antwort % Korrekt
4 Neymar Jr
88%
2 Ousmane Dembele
84%
1 Philippe Coutinho
81%
6 Luis Suarez
76%
3 Antoine Griezmann
73%
13 Robert Lewandowski
71%
5 Frenkie de Jong
62%
9 Raphinha
52%
11 Ferran Torres
45%
12 Jules Kounde
44%
10 Dani Olmo
35%
7 Zlatan Ibrahimovic
32%
8 Miralem Pjanic
25%
15 David Villa
24%
14 Malcom
13%
Keine übereinstimmenden Quizze gefunden
Verteilung der Resultate
Anzahl Personen mit jedem Resultat
Perzentil nach korrekt beantworteten Fragen
Ihre Resultats-Entwicklung
Sie haben dieses Quiz noch nicht gespielt